The cognitive levels of reading comprehension test items : an exploratory study /
محفوظ في:
| المؤلف الرئيسي: | |
|---|---|
| التنسيق: | أطروحة كتاب |
| اللغة: | English |
| منشور في: |
1995.
|
| الموضوعات: | |
| الوسوم: |
إضافة وسم
لا توجد وسوم, كن أول من يضع وسما على هذه التسجيلة!
|
| LEADER | 00921cam a2200253 a 4500 | ||
|---|---|---|---|
| 001 | u414982 | ||
| 003 | SIRSI | ||
| 008 | 970819s1995 si v 00 1 eng m | ||
| 035 | |a ACD-7273 | ||
| 040 | |a UMM | ||
| 043 | |a a-si--- | ||
| 090 | |a LB1050.45 |b Che | ||
| 100 | 1 | 0 | |a Cheah, Grace Gek Neo. |
| 245 | 1 | 4 | |a The cognitive levels of reading comprehension test items : |b an exploratory study / |c by Grace Cheah Gek Neo. |
| 260 | |c 1995. | ||
| 300 | |a vi, 122 leaves ; |c 30 cm. | ||
| 502 | |a Dissertation (M.A.) -- National University of Singapore, 1995. | ||
| 504 | |a Bibliography: leaves 113-122. | ||
| 650 | 0 | |a Reading comprehension |x Ability testing | |
| 650 | 0 | |a English language |x Study and teaching |x Foreign speakers. | |
| 650 | 0 | |a English teachers |z Singpore |x Attitudes | |
| 948 | |a 19/08/1997 |b 25/05/1999 | ||
| 596 | |a 1 | ||
| 999 | |a LB1050.45 CHE |w LC |c 1 |i A506949262 |d 13/8/2008 |e 13/8/2008 |l STACKS |m P01UTAMA |n 6 |r Y |s Y |t TESIS |u 29/9/1997 | ||
